Pokémon - Les attaques de Hotte-de-Fer - Statistiques

Statistiques générales
  • Ce quiz a été pris 11 fois
  • Le résultat moyen est 9 sur 15
Statistiques - réponses
Niveaux Types Noms des attaques % Correct
Niveau 91 Glace Blizzard
100%
Niveau 77 Eau Hydrocanon
100%
Niveau 56 Glace Laser Glace
100%
Niveau 7 Glace Poudreuse
100%
Niveau 28 Vol Bec Vrille
83%
Départ Normal Cadeau
83%
Niveau 63 Psy Hâte
83%
Niveau 42 Glace Lyophilisation
83%
Niveau 70 Glace Chute de Neige
67%
Départ Électrique Champ Électrifié
33%
Niveau 14 Eau Siphon
33%
Niveau 21 Normal Bélier
17%
Niveau 49 Eau Eau Revoir
17%
Niveau 84 Glace Voile Aurore
17%
Niveau 35 Normal Coup d'Main
0%
Aucun quiz correspondant
Distribution des résultats
% des personnes avec chaque résultat
Percentile par nombre de réponses
Votre historique - résultats
Vous n’avez pas pris ce quiz